00361pab a2200133 454500008004000000100002100040245004300061260000900104300001400113362001200127650003300139650001600172773003900188180718b2004 xxu||||| |||| 00| 0 eng d aStephanson, K.A. aHousehold handicrafts labour in Kerala c2004 ap.391-95. aApr-Jun aHandicrafts - India - Kerala aHandicrafts aIndian Journal of Labour Economics